书目信息 |
| 题名: |
锡山秦氏家族文学文献整理与研究
|
|
| 作者: | 高田 著 | |
| 分册: | ||
| 出版信息: | 北京 现代出版社 2020.01 |
|
| 页数: | 112页 | |
| 开本: | 21cm | |
| 丛书名: | ||
| 单 册: | ||
| 中图分类: | I206.48 | |
| 科图分类: | ||
| 主题词: | 中国文学--古典文学研究--明清时代 , 家族--文献学--研究--无锡 | |
| 电子资源: | ||
| ISBN: | 978-7-5143-7576-3 | |
| 000 | 00817nam0 2200241 450 | |
| 001 | 0102100408 | |
| 005 | 20210402100818.0 | |
| 010 | @a978-7-5143-7576-3@dCNY29.80 | |
| 100 | @a20201105d2020 em y0chiy50 ea | |
| 101 | 0 | @achi |
| 102 | @aCN@b110000 | |
| 105 | @ay z 000yy | |
| 106 | @ar | |
| 200 | 1 | @a锡山秦氏家族文学文献整理与研究@Axi shan qin shi jia zu wen xue wen xian zheng li yu yan jiu@f高田著 |
| 210 | @a北京@c现代出版社@d2020.01 | |
| 215 | @a112页@d21cm | |
| 330 | @a本书内容分为:宗谱文献、家集文献、文献与文学、锡山秦氏家族诗歌文献研究、锡山秦氏家族散文文献研究共五章。 | |
| 606 | 0 | @a中国文学@x古典文学研究@z明清时代 |
| 606 | 0 | @a家族@x文献学@x研究@y无锡 |
| 690 | @aI206.48@v5 | |
| 701 | 0 | @a高田@Agao tian@f(1978-)@4著 |
| 801 | 0 | @aCN@bBJSZM@c20210402 |
| 905 | @b1273990-4@dI206.48@e375@f5 | |
| 锡山秦氏家族文学文献整理与研究/高田著.-北京:现代出版社,2020.01 |
| 112页;21cm |
| ISBN 978-7-5143-7576-3:CNY29.80 |
| 本书内容分为:宗谱文献、家集文献、文献与文学、锡山秦氏家族诗歌文献研究、锡山秦氏家族散文文献研究共五章。 |
| ● |
| 相关链接 |
|
|
|
|
正题名:锡山秦氏家族文学文献整理与研究
索取号:I206.48/375
 
预约/预借
| 序号 | 登录号 | 条形码 | 馆藏地/架位号 | 状态 | 备注 |
| 1 | 1273990 | 212739900 | 第一样本阅览室/ [索取号:I206.48/375] | 在馆 | |
| 2 | 1273991 | 212739919 | 教育系资料室/ [索取号:I206.48/375] | 在馆 | |
| 3 | 1273992 | 212739928 | 教育系资料室/ [索取号:I206.48/375] | 在馆 | |
| 4 | 1273993 | 212739937 | 第二借阅区/ [索取号:I206.48/375] | 在馆 | |
| 5 | 1273994 | 212739946 | 第二借阅区/ [索取号:I206.48/375] | 在馆 |